Capitali europee - Morte improvvisa - Statistics

Statistiche generali
  • Questo quiz è stato fatto 716 volte
    359 dall'ultimo reset
  • Il punteggio medio è 18 su 25
Answers on the Grid
Answers color-coded by a green-red scale on the quiz's grid according to % correct below.
Tirana
Vienna
Minsk
Sarajevo
Zagabria
Tallinn
Helsinki
Berlino
Roma
Riga
Reykjavik
Vaduz
Vilnius
Skopje
Podgorica
Amsterdam
Varsavia
Lisbona
Londra
Chișinău
Belgrado
Bratislava
Lubiana
Berna
Budapest
San Pietroburgo
Amburgo
Barcellona
Monaco di Baviera
Charkiv
Milano
Birmingham
Porto
Marsiglia
Zurigo
Cracovia
Ottawa
Tegucigalpa
Buenos Aires
Nairobi
Tunisi
Harare
Sydney
Apia
Manila
Tokyo
Damasco
L'Avana
Ulan Bator
Istanbul
 
Statistiche sulle risposte
Risposta % Corretto
Londra
78%
Lisbona
76%
Roma
76%
Sarajevo
76%
Vienna
76%
Vilnius
76%
Helsinki
75%
Amsterdam
74%
Budapest
74%
Tirana
74%
Zagabria
74%
Belgrado
73%
Berna
72%
Berlino
71%
Riga
71%
Varsavia
71%
Reykjavik
70%
Lubiana
69%
Skopje
69%
Tallinn
69%
Vaduz
69%
Minsk
67%
Chișinău
66%
Bratislava
64%
Podgorica
64%
Nessun quiz corrispondente trovato
Distribuzione punteggi
Percentuale di utenti per punteggio
Percentile per numero di risposta
I tuoi punteggi nel tempo
Non hai fatto questo quiz dall'ultimo reset